Time to catch up with the world (Record no. 77637)
[ view plain ]
| 000 -LEADER | |
|---|---|
| fixed length control field | 00892cab a2200205 4500 |
| 001 - CONTROL NUMBER | |
| control field | ##L134755 |
| 008 - FIXED-LENGTH DATA ELEMENTS--GENERAL INFORMATION | |
| fixed length control field | 060830n2006 000 0 eng u |
| 035 ## - SYSTEM CONTROL NUMBER | |
| System control number | (Sirsi) u134755 |
| 041 ## - LANGUAGE CODE | |
| Language code of text/sound track or separate title | eng |
| 100 1# - MAIN ENTRY--PERSONAL NAME | |
| Personal name | Impey, Louise |
| 245 00 - TITLE STATEMENT | |
| Title | Time to catch up with the world |
| 260 ## - PUBLICATION, DISTRIBUTION, ETC. | |
| Date of publication, distribution, etc. | 2006 |
| 490 #0 - SERIES STATEMENT | |
| Series statement | Farmers' Weekly |
| Volume/sequential designation | 144(20) 19 May 2006, 32-34(3) |
| 520 ## - SUMMARY, ETC. | |
| Summary, etc. | Looks at the opportunities and challenges in the new markets involving growing crops for biofuel and biomass. Examines bioethanol and biodiesel and lists the key biofuel players. Provides a case study of a farmer who has become a fuel processor and assesses the economic case for turning oilseed rape into biofuel. See also L134757 and L134759. |
| 651 #4 - SUBJECT ADDED ENTRY--GEOGRAPHIC NAME | |
| Geographic name | United Kingdom |
| Chronological subdivision | |
| 690 ## - LOCAL SUBJECT ADDED ENTRY--TOPICAL TERM (OCLC, RLIN) | |
| Topical term or geographic name as entry element | ENVIRONMENTAL AND LAND CONSULTANCY-ENERGY-RENEWABLE ENERGY |
| 700 1# - ADDED ENTRY--PERSONAL NAME | |
| Personal name | Tasker, Johann |
| 700 1# - ADDED ENTRY--PERSONAL NAME | |
| Personal name | Watts, Andrew |
| 942 ## - ADDED ENTRY ELEMENTS (KOHA) | |
| Suppress in OPAC | 0 |
| Withdrawn status | Lost status | Source of classification or shelving scheme | Damaged status | Not for loan | Home library | Current library | Shelving location | Date acquired | Total Checkouts | Full call number | Barcode | Date last seen | Copy number | Price effective from | Koha item type |
|---|---|---|---|---|---|---|---|---|---|---|---|---|---|---|---|
| Dewey Decimal Classification | London | London | Journal article | 30/08/2006 | L134755 | 134755-1001 | 06/08/2019 | 1 | 06/08/2019 | Journal article |